Представление документа в формате RUSMARC

ПолеНазваниеЗначение
  Тип записи a
  Библиографический уровень c
001 Контрольный номер RU/IS/BASE/338548213
005 Дата корректировки 20241014121618.0
010 Индекс ISBN __
d Цена 0-78
101 Язык документа 0_
a Язык текста rus
c Язык оригинала rus
200 Заглавие и сведения об ответственности 1_
a Заглавие Мать. По Союзу Советов
e Сведения, относящиеся к заглавию роман
f Первые сведения об ответственности М. Горький
b Общее обозначение материала Текст
210 Выходные данные 1_
a Место издания Л.
c Издательство Лениздат
d Дата издания 1975
215 Физическое описание __
a Объем 362 с.
327 Примечание о содержании 0_
a Примечание о содержании По Союзу Советов
606 Тематические рубрики __
a Основная рубрика Художественная литература
606 Тематические рубрики __
a Основная рубрика Русская литература XX в. (произведения)
610 Ключевые слова 0_
a Ключевые слова проза; романы; тема революции; тема труда; образ жизни; политические репрессии; политические свободы
686 Индексы других классификаций __
a Классификационный индекс 84(2Рос=Рус)6-4
700 Автор _1
a Фамилия Горький
b Имя М.
c Титул (звания) Пешков А. М.
g Полное личное имя Максим
4 Код отношения 070
801 Источник записи _0
a Страна RU
b Организация Муниципальное бюджетное учреждение культуры "Централизованная библиотечная система" г. Сургут (Центральная городская библиотека им. А. С. Пушкина)
g Правила каталогизации КиК/Уланова; ЦДБ/Кундохова В. С.
801 Источник записи _1
a Страна RU
b Организация Муниципальное бюджетное учреждение культуры "Централизованная библиотечная система" г. Сургут (Центральная городская библиотека им. А. С. Пушкина)
g Правила каталогизации КиК/Уланова; ЦДБ/Кундохова В. С.
852 Данные о местонахождении __
j Шифр хранения 84(2Рос=Рус)6-4
c Каталожный индекс 84(2Рос=Рус)6-4
i Авторский знак Г 71
p Инвентарный номер 20369(д)
901 Тип документа __
t Тип документа x
903 Характеристики (МАРС) __
a Дата передачи 20100923; 20110629
990 Данные о заказе (DOS) 00
j Количество экземпляров (DOS) 1
t N записи в КСУ для И/У (DOS) 199101